Statistics for David Walliams Filmography

Click here to take the quiz!

General Stats

  • This quiz has been taken 29 times
    (8 since last reset)
  • The average score is 11 of 163

Answer Stats

TypeYearName% Correct
TV Show2012-PresentBritain's Got Talent
83%
TV Film2013Gangsta Granny
83%
TV Show2003-2006Little Britain
83%
Film2006Little Britain: Live
83%
Video Game2006Little Britain: The Game
83%
Video Game2007Little Britain: The Video Game
83%
TV Show2013-2014Big School
67%
TV Film2012Mr. Stink
67%
TV Show2002The Bill
67%
TV Film2016Billionaire Boy
50%
TV Film2014The Boy in the Dress
50%
TV Show2010-2011Come Fly with Me
33%
TV Show2009-2018The Graham Norton Show
33%
TV Show2011Doctor Who
17%
TV Special2022Gangsta Granny Strikes Again!
17%
TV Film2018Grandpa's Great Escape
17%
Film2019Missing Link
17%
Film2019Murder Mystery
17%
Film2014Pudsey the Dog: The Movie
17%
TV Film2017Ratburger
17%
TV Mini-Series2016Revolting Rhymes Part One
17%
Short Film2012Room on the Broom
17%
TV Film2018The Midnight Gang
17%
TV Film2018The Queen and I
17%
TV Show2015-2016Walliams & Friend
17%
Award Show20202020 National Television Awards
0%
Film2005A Cock and Bull Story
0%
TV Film2019After Ever After
0%
TV Show2004Agatha Christie's Marple
0%
TV Mini-Series2015Agatha Christie's Partners in Crime
0%
TV Show2009-2014Alan Carr: Chatty Man
0%
Film2005Alan Partridge Presents: The Cream of British Comedy
0%
TV Show2011-2021A League of Their Own
0%
TV Show1998Alexei Sayle's Merry-Go-Round
0%
Theater2013A Midsummer Night's Dream
0%
TV Show2006Annually Retentive
0%
TV Show2023Ant & Dec's Limitless Win
0%
TV Show2005-2018Ant & Dec's Saturday Night Takeaway
0%
TV Documentary2010Are You Having a Laugh? TV and Disability
0%
TV Mini-Series1996Asylum
0%
TV Show2000Attachments
0%
TV Show2022Australia's Got Talent
0%
TV Show2001Baddiel's Syndrome
0%
TV Mini-Series1999Bang, Bang, It's Reeves and Mortimer
0%
TV Show1998Barking
0%
Music Video2005Bastardo
0%
TV Show2000Black Books
0%
TV Show2013Blandings
0%
TV Show2016Blankety Blank
0%
TV Show2019Britain's Got Talent: The Champions
0%
TV Film2007Capturing Mary
0%
TV Show2003Casualty
0%
TV Show2014Catchphrase
0%
TV Documentary2021Chitty Flies Again with David Walliams
0%
TV Special2020Cinderella: A Comic Relief Pantomime for Christmas
0%
Film1997Clancy's Kitchen
0%
TV Special2013-PresentComic Relief
0%
Film2007Comic Relief Does Little Britain: Live
0%
TV Film2007Comic Relief (I'm Gonna Be) 500 Miles
0%
TV Film1999Coming Soon
0%
TV Film2002Cruise of the Gods
0%
TV Show2011David Walliams' Awfully Good
0%
Documentary2012David Walliams' Big Swim
0%
TV Special2016David Walliams Celebrates Dame Shirley Bassey
0%
TV Documentary2006David Walliams: My Life with James Bond 007
0%
TV Documentary2013David Walliams: Snapshot in Time
0%
Film1997Dennis Pennis R.I.P.
0%
Film2010Dinner for Schmucks
0%
Music Video2016Don't Even Try
0%
TV Show2005-2017Doraemon
0%
TV Show2003EastEnders
0%
TV Documentary2018Elton John: The Nation's Favourite Song
0%
TV Film2008Frankie Howerd: Rather You Than Me
0%
TV Show2001Fun at the Funeral Parlour
0%
Video Game1994Games World
0%
TV Film2002George Eliot: A Scandalous Life
0%
Video Game2015GivingTales
0%
Film2012Great Expectations
0%
TV Film2021Hansel & Gretel: After Ever After
0%
Music Video2011Happy Now
0%
Short Film2003Hello, Friend
0%
TV Show2001High Stakes
0%
TV Show2007Hotel Babylon
0%
TV Show2004Hustle
0%
Music Video2006I'm with Stupid
0%
TV Show1994Incredible Games
0%
TV Special2018It'll Be Alright on the Night
0%
TV Film1997It's Ulrika!
0%
TV Film2020Jack and the Beanstalk: After Ever After
0%
Film2013Justin and the Knights of Valour
0%
TV Short2015Little Britain Sketch
0%
TV Show2008Little Britain USA
0%
TV Show2002, 2005Look Around You
0%
TV Show2019Lorraine
0%
Film2006Marie Antoinette
0%
Film2010Marmaduke
0%
TV Show1996Mash & Peas
0%
TV Show2014Mastermind
0%
TV Show2004Monkey Trousers
0%
Theater2014Monty Python Live (Mostly)
0%
Music Video2000Mudslide
0%
Film2023My Happy Ending
0%
Music Video1998Naughty Christmas
0%
TV Show2007Neighbours
0%
TV Show2009, 2011Never Mind the Buzzcocks
0%
TV Show2002Nice Guy Eddie
0%
Theater2008No Man's Land
0%
Documentary Series2012Perspectives
0%
Audio Drama1999Phantasmagoria
0%
Film1999Plunkett & Macleane
0%
TV Show2001Randall & Hopkirk (Deceased)
0%
TV Film2022Red Riding Hood: After Ever After
0%
TV Show1999-2001, 2009Rock Profile
0%
TV Show2012, 2016Royal Variety Performance
0%
Film2007Run, Fat Boy, Run
0%
Film2007Run Fatboy Run
0%
TV Show2004Samantha, oups!
0%
TV Mini-Series2020-2021Sandylands
0%
TV Short2021Saturday Knight Takeaway
0%
TV Short1997Seven Sins: Wrath
0%
Film2004Shaun of the Dead
0%
TV Show1996Shooting Stars
0%
TV Show1998Sir Bernard's Stately Homes
0%
TV Show1999Spaced
0%
TV Special2002Sport Relief
0%
Film2007Stardust
0%
Film2005Stoned
0%
TV Mini-Series2002Ted and Alice
0%
TV Show2017Teletubbies
0%
Film2008The Chronicles of Narnia: Prince Caspian
0%
TV Show2007The Friday Night Project
0%
TV Film2012The Greatest Footie Ads Ever
0%
TV Show2014The Guess List
0%
Short Film2011The Itch of the Golden Nit
0%
TV Show2011, 2012The Jonathan Ross Show
0%
TV Short1999The Kidnappers
0%
FilmTBAThe Land of Sometimes
0%
FilmTBAThe Liar
0%
Film2013The Look of Love
0%
TV Show2021The Masked Dancer UK
0%
Documentary Series2015The Nation's Favourite
0%
TV Documentary2015The Nation's Favourite Bond Song
0%
TV Show2017The Nightly Show
0%
TV Film2010The One Ronnie
0%
TV Short1999The Pitch of Fear
0%
TV Documentary2004The Real Little Britain
0%
TV Mini-Series2012The Royal Bodyguard
0%
TV Show2000The Strangerers
0%
TV Short2019The Tiger Who Came to Tea.
0%
TV Short1999The Web of Caves
0%
TV Show2002Time Gentlemen Please
0%
TV Show2012Top Dog Model
0%
Film2021Twist
0%
Music Video1995U Krazy Katz
0%
TV Show2019Urban Myths
0%
Music Video1998Vin-da-loo
0%
Film2007Virgin Territory
0%
TV Show2005Waking the Dead
0%
TV Show2011Wall of Fame
0%
TV Short2017Who Shot Simon Cowell?
0%
TV Show2011Who Wants to Be a Millionaire
0%
TV Show2001World of Pub
0%
TV Film1998You Are Here
0%

Score Distribution

Percentile by Number Answered

Percent of People with Each Score

Your Score History

You have not taken this quiz since the last reset